000 01057nam a2200253Ia 4500
003 OSt
005 20220930094933.0
006 a|||||r|||| 00| 0
007 ta
008 220926b |||||||| |||| 00| 0 hin d
024 _a55972
037 _cTheses
040 _aCRL
_cCRL
_bhin
041 _2hin
_ahin
100 _aयादव, विवेक कुमार, ले.
110 _aदिल्ली विश्वविद्यालय. कला संकाय. हिंदी विभाग
_9556831
245 0 _aहिंदी के अस्मिता-मूलक उपन्यास और उत्तर आधुनिकता।
246 _aHiandī ke asmitā-mūlak upanyās aur uttar ādhunikatā।
260 _c2016
300 _a269 पृ.
_ap.
_ccm.
700 _aदिल्ली विश्वविद्यालय. कला संकाय. हिंदी विभाग
_9556832
942 _cDIS
_2CC
999 _c888002
_d888002